000 00683nam a2200253 a 4500
003 AR-BaBNM
005 20251128205534.0
008 082120s2002 ||||||||||||||000 | spa||
020 _a950-507-332-1
040 _cAR-BaBNM
100 1 _aLabaké, Julio César
245 0 0 _aDiálogo educativo
_bsugerencias para una mejor comunicación
260 _aBuenos Aires
_bBonum
_c1995
300 _a47 p.
_bil.
490 0 _aImágenes
650 4 _aAMBIENTE EDUCACIONAL
650 4 _aAMBIENTE LABORAL
650 4 _aCOMUNICACION
650 4 _aRELACIONES ENTRE GRUPOS
650 4 _aRELACIONES LABORALES
650 4 _aRELACIONES INTERPERSONALES
942 _cBK
998 _cSILVI
999 _c11797
_d11797